000 00318nam a2200133Ia 4500
005 20251222142003.0
008 251222s9999||||xx |||||||||||||| ||spa||
020 _a958-41-0295-8
082 _a336.02/M12
100 _aMacón, Jorge
245 0 _aEconomía del Sector Público
264 _bMcGraw-Hill
942 _cLIB
999 _c10072
_d10072